Budapest Bus Nr.244 Stations - Statistics

General Stats
  • This quiz has been taken 5 times
  • The average score is 7 of 16
Answer Stats
Answer % Correct
Örs vezér tere
100%
Centenáriumi lakótelep
80%
Batthyány utca
40%
Budapest út
40%
Diófa utca/Jávorfa utca
40%
Futórózsa utca
40%
Ida utca
40%
János utca
40%
József utca
40%
Körvasút sor
40%
Margit utca
40%
Mátyásföldi tér
40%
Olga utca
40%
Rózsa utca
40%
Sasvár utca
40%
Sasvár utca
40%
No matching quizzes found
Score Distribution
Percent of People with Each Score
Percentile by Number Answered
Your Score History
You have not taken this quiz